00647nam a2200169 a 45000010005000000030005000050050017000100080041000270200015000680400020000831000028001032450087001312600027002184900025002455000188002706500019004582225CDMR20131104163745.0130130s1984||||||||||||||||||||||||||||d a848615359X aCDMRbcatcCDMR1 aPérez del Toro, Laura13aLa prensa de prestigio en la Comunidad Económica EuropeacLaura Pérez del Toro aBarcelonac1984bMitre0 aTextos de Periodismo aInclou l'anàlisi dels diaris Berlingske Tidende, Le Monde, Le Figaro, L'Stampa, The Times, The Guardian, The Daily Telegraph, Frankfurter Allgemeine, Süddeutsche Zeitung, Die Welt04aPremsazEuropa